000 00205 a2200097 4500
001 29432
100 _aGowers
245 _aComplete plain words
260 _a
_bTata McGraw-Hill
_c
090 _c19644
_d19644
942 _aNUST-CAE
_cM
_c10718
999 _c264505
_d264505